000 00529nam a2200205Ia 4500
003 GCL
008 140319s9999 xx 000 0 eng d
040 _aGCL /
_cGCL
082 0 4 _aCH
_b891.7
_bG E
100 1 _aGORKY, MAXIM
245 1 0 _aEVSEIKA GOES FISHING /
_cGORKY, MAXIM
700 1 _aGLAGOLEVA, GALINA
260 _a[S.N] :
_bMALYSH PUBLISHERS ،
_c1979
300 _a77 P
650 0 4 _aLITERATURE
650 0 4 _aRUSSIAN LITERATURE
650 0 4 _aRUSSIA - FICTION
650 0 4 _aCHILDREN - FICTION
942 _2ddc
_cBK
999 _c15176
_d15176